Некоторые этапы проектирования информационной системы и пример ее реализации; Современные техника и технологии СТТ'2001; Т. 2

Podrobná bibliografie
Parent link:Современные техника и технологии СТТ'2001: труды VII Международной научно-практической конференции студентов, аспирантов и молодых ученых, 26 февраля - 2 марта, 2001, Томск/ Томский политехнический университет; под ред. А. С. Заворина.— , 2001
Т. 2.— 2001.— С. 285-287
Hlavní autor: Замятин А. В. Александр Владимирович
Jazyk:ruština
Vydáno: 2001
Témata:
Médium: MixedMaterials Kapitola
KOHA link:https://koha.lib.tpu.ru/cgi-bin/koha/opac-detail.pl?biblionumber=267637

MARC

LEADER 00000naa2a2200000 4500
001 267637
005 20231031223811.0
035 |a (RuTPU)RU\TPU\book\290709 
035 |a RU\TPU\book\290708 
090 |a 267637 
100 |a 20140801d2001 k y0rusy50 ca 
101 0 |a rus 
102 |a RU 
200 1 |a Некоторые этапы проектирования информационной системы и пример ее реализации  |f А. В. Замятин 
320 |a Библиогр.: с. 287 (2 назв.) 
461 1 |0 (RuTPU)RU\TPU\book\118947  |t Современные техника и технологии СТТ'2001  |o труды VII Международной научно-практической конференции студентов, аспирантов и молодых ученых, 26 февраля - 2 марта, 2001, Томск  |f Томский политехнический университет; под ред. А. С. Заворина  |d 2001 
463 1 |0 (RuTPU)RU\TPU\book\118411  |t Т. 2  |v С. 285-287  |d 2001  |p 390 с. 
610 1 |a труды учёных ТПУ 
675 |a 62.001.5(063)  |v 3 
700 1 |a Замятин  |b А. В.  |c специалист в области информатики и вычислительной техники  |c доцент Томского политехнического университета, доктор технических наук  |f 1978-  |g Александр Владимирович  |2 stltpush  |3 (RuTPU)RU\TPU\pers\25542 
801 1 |a RU  |b 63413507  |c 20030409  |g PSBO 
801 2 |a RU  |b 63413507  |c 20140804  |g PSBO 
942 |c BK